| 000 | 00000nam 2200000za 4500 |
| 001 | 9.643096 |
| 003 | CaOODSP |
| 005 | 20250506145323 |
| 007 | cr ||||||||||| |
| 008 | 150407|1985||||xxc|||||o f|0| 0 fre d |
| 040 | |aCaOODSP|bfre |
| 043 | |an-cn--- |
| 086 | 1 |aA63-1489/1985F-PDF |
| 110 | 1 |aCanada.|bAgriculture Canada. |
| 245 | 10|aGestion du poulailler familial / |h[ressource électronique]|crédigée par la Direction de la volaille du ministère de l'Agriculture de la Colombie-Britannique. |
| 260 | |aOttawa - Ontario : |bAgriculture Canada |c1972, révision 1985. |
| 300 | |a5p.|bfigures |
| 500 | |aPublication historique numérisée par Agriculture et Agroalimentaire Canada. English edition published under title "Managing a Small Poultry Flock". |
| 590 | |a14-11-Supp|b2014-05-21 |
| 691 | 07|aVolaille|2gcpds |
| 691 | 07|aCouveuse|2gcpds |
| 795 | |tGestion du poulailler familial / |w(CaOODSP)9.630462 |
| 856 | 40|ahttp://publications.gc.ca|qPDF|s343 Ko|uhttps://publications.gc.ca/collections/collection_2014/aac-aafc/agrhist/A63-1489-1985-fra.pdf |
| 986 | |a1489/F |